Every War the United States has Fought in - Statistics

General Stats
  • This quiz has been taken 29 times
  • The average score is 8 of 14
Answer Stats
Years Involved War % Correct
(1917-1918) World War 1
88%
(1941-1945) World War 2
85%
(1812-1815) War of 1812
81%
(1950-1953) Korean War
77%
(1898-1902) Spanish-American War
77%
(1861-1865) American Civil War
73%
(1964-1975) Vietnam War
73%
(1990-1991) Gulf War
62%
(2003-2011) Iraq War
50%
(1846-1848) Mexican-American War
50%
(1817-1898) Indian Wars
42%
(1775-1783) American Revolutionary War
38%
(2001-2021) War in Afghanistan
27%
(2026-Present) War in Iran
23%
No matching quizzes found
Score Distribution
Percent of People with Each Score
Percentile by Number Answered
Your Score History
You have not taken this quiz